000 00393nam a2200157Ia 4500
008 230711s9999||||xx |||||||||||||| ||und||
041 _aENG
082 _a621.381
_bCH-E
100 _aChute & Chute
245 0 _aElectronics in industry
250 _a1st
260 _c1979
_aNew Delhi
_bTata McGraw Hill Education Limited
300 _a561
650 _aElectronics Engineering
942 _cBK
999 _c3308
_d3308